Mečiar prevalcoval Tkáča

Bibliographic Details
Main Author: Slišková, Nora (Author)
Format: Article
Language:Slovak
PhysicalDescription:Fotogr.
ISSN:1335-4051
Subjects:

MARC

LEADER 00000nab a2200000 a 4500
001 vtls000825670
003 SK-MaSNL
005 20260302163035.0
008 180206c2003 xo 0 slo
015 |a SNBRB2003/02-05295 
035 |a CLN000177325 
040 |a SNKBUCL  |b slo  |c SNKBUCL  |e AACR2 
041 0 |a slo 
044 |a xo  |c SK 
080 |a 329.7(437.6)HZDS  |2 UDC-MRF-SK2 
100 1 |a Slišková, Nora  |4 aut  |9 266806 
245 1 0 |a Mečiar prevalcoval Tkáča  |c Nora Slišková 
300 |b Fotogr. 
610 7 |a Hnutie za demokratické Slovensko  |b Republikové predstavenstvo  |x zasadanie  |y 11.1.2003  |2 snkbucl  |9 838433 
655 7 |a články z novín a časopisov  |2 snkbucl  |9 267496 
773 0 |x 1335-4051  |t Pravda  |g Roč. 13, č. 9 (13.1.2003), s. 1 a 2 
850 |a Slovenská národná knižnica v Martine 
852 |a SNK  |b KIS3GCP 
958 |a RBX 
999 |c 1382085  |d 1384015